| 000 | 00394cam a2200169 4500 | ||
|---|---|---|---|
| 001 | D13047 | ||
| 008 | 090401t1906 xxu||||| |||| 00| 0 eng d | ||
| 035 | _a(Sirsi) u94346 | ||
| 041 | _aeng | ||
| 100 | _aHuxley, Thomas Henry | ||
| 245 | _aMan`s place in nature and other essays | ||
| 260 |
_bJ M Dent & Co _c1906 |
||
| 350 | _a0 | ||
| 520 | _aShelf 18 | ||
| 942 | _n0 | ||
| 948 | _c04/03/1997 | ||
| 999 |
_c97991 _d97991 |
||